[Event "Benidorm - Aficionados sub-2000 2014"]
[Site "Benidorm ESP"]
[Date "2014.12.02"]
[Round "5.1"]
[White "Alvarez Morales, Miguel"]
[Black "Karpach, Shaban"]
[Result "0-1"]
[WhiteElo "1979"]
[BlackElo "1748"]
[PlyCount "208"]
[EventDate "2014.11.28"]
[EventType "swiss"]
[EventRounds "10"]
[EventCountry "ESP"]
[SourceTitle "Ajedrez en Madrid"]
[Source "lmi"]
[SourceDate "2014.11.28"]

1. c4 Nf6 2. Nc3 e6 3. e4 c5 4. e5 Ng8 5. Nf3 Nc6 6. d4 cxd4 7. Nxd4 Nxe5 8.
Ndb5 f6 9. Bf4 a6 10. Qa4 Qb6 11. Be3 Qc6 12. Qa5 b6 13. Bxb6 axb5 14. Qxb5 Bb7
15. c5 Ne7 16. a4 Nf5 17. Qxc6 Bxc6 18. a5 Nd4 19. Rd1 Nb3 20. f4 Nf7 21. Nb5
Rc8 22. Nc7+ Rxc7 23. Bxc7 Bxc5 24. a6 Ke7 25. Rd3 Bd5 26. f5 Rc8 27. fxe6 dxe6
28. Bf4 Nd6 29. Bxd6+ Bxd6 30. Be2 Nc5 31. Rxd5 exd5 32. O-O Ra8 33. Ra1 Ne6
34. Ra5 Nc7 35. Kf1 Kd7 36. Ra4 Kc6 37. b4 Kb6 38. b5 Nxb5 39. Bf3 Rxa6 40.
Rxa6+ Kxa6 41. Bxd5 Bxh2 42. Kf2 Be5 43. Bg8 h6 44. Ke3 Kb6 45. Ke4 Kc6 46. Kf5
g5 47. g4 Kc5 48. Kg6 Kd4 49. Kxh6 Ke3 50. Kh5 Kf4 51. Be6 Nd4 52. Bd7 Ne2 53.
Bc8 Ng3+ 54. Kh6 Nf1 55. Kg6 Ne3 56. Kh5 f5 57. gxf5 Nxf5 58. Bd7 g4 59. Kg6
Nh4+ 60. Kh5 g3 61. Bh3 Bf6 62. Bf1 Nf3 63. Bh3 Be5 64. Kh6 Ng1 65. Bg2 Ke3 66.
Kh5 Kf2 67. Bh1 Nf3 68. Kg4 g2 69. Bxg2 Kxg2 70. Kf5 Kf2 71. Ke4 Kg3 72. Kf5
Bd4 73. Ke4 Kg4 74. Kd5 Kf5 75. Kc4 Ke4 76. Kb5 Kd5 77. Kb4 Ne5 78. Kb5 Nd3 79.
Ka6 Kc6 80. Ka5 Bc3+ 81. Ka6 Ne5 82. Ka7 Nd7 83. Ka8 Be5 84. Ka7 Bc7 85. Ka8
Nb6+ 86. Ka7 Bh2 87. Ka6 Bb8 88. Ka5 Nd5 89. Ka6 Nc7+ 90. Ka5 Kc5 91. Ka4 Kc4
92. Ka5 Ba7 93. Ka4 Bb6 94. Ka3 Bd4 95. Ka4 Bc3 96. Ka3 Nd5 97. Ka4 Nf4 98. Ka3
Nd3 99. Ka4 Bd2 100. Ka3 Bb4+ 101. Ka2 Kc3 102. Kb1 Kb3 103. Ka1 Kc2 104. Ka2
Nc1+ 0-1

[Event "Benidorm - Aficionados sub-2000 2014"]
[Site "Benidorm ESP"]
[Date "2014.12.02"]
[Round "5.2"]
[White "Tirado Parra, Alberto"]
[Black "Marti Blanes, Jose Manuel"]
[Result "0-1"]
[WhiteElo "1873"]
[BlackElo "1960"]
[PlyCount "30"]
[EventDate "2014.11.28"]
[EventType "swiss"]
[EventRounds "10"]
[EventCountry "ESP"]
[SourceTitle "Ajedrez en Madrid"]
[Source "lmi"]
[SourceDate "2014.11.28"]

1. d4 Nf6 2. c4 g6 3. Nc3 Bg7 4. e4 d6 5. h3 O-O 6. Bg5 Nc6 7. Nf3 h6 8. Be3 e5
9. d5 Ne7 10. Be2 Nh5 11. g3 f5 12. exf5 Nxf5 13. Ne4 Nxe3 14. fxe3 Bf5 15. Bd3
Bxe4 0-1

[Event "Benidorm - Aficionados sub-2000 2014"]
[Site "Benidorm ESP"]
[Date "2014.12.02"]
[Round "5.5"]
[White "Sarto Ramos, Angel"]
[Black "Parks, Joseph"]
[Result "1/2-1/2"]
[WhiteElo "1965"]
[BlackElo "1889"]
[PlyCount "145"]
[EventDate "2014.11.28"]
[EventType "swiss"]
[EventRounds "10"]
[EventCountry "ESP"]
[SourceTitle "Ajedrez en Madrid"]
[Source "lmi"]
[SourceDate "2014.11.28"]

1. Nf3 f5 2. g3 Nf6 3. Bg2 d6 4. d4 g6 5. Nc3 Bg7 6. Bf4 O-O 7. Qd2 c6 8. h4
Nh5 9. Bh6 Nd7 10. Bxg7 Kxg7 11. d5 c5 12. e4 fxe4 13. Nxe4 Ndf6 14. Neg5 e5
15. Ne6+ Bxe6 16. dxe6 Qe7 17. Bh3 Ne8 18. Ng5 Nc7 19. O-O-O h6 20. Qxd6 Rae8
21. Qxe5+ Nf6 22. Ne4 Nxe6 23. Qxe6 Qxe6 24. Bxe6 Nxe4 25. Rd7+ Kh8 26. Bf7 Rd8
27. Rxd8 Rxd8 28. Bxg6 Nxf2 29. Re1 Kg7 30. h5 Rd7 31. Rf1 Ng4 32. b3 Nf6 33.
Re1 b6 34. Bf5 Rc7 35. g4 Rf7 36. Rg1 Nh7 37. Rd1 Ng5 38. Rd6 Rf6 39. Rd7+ Rf7
40. Rd3 Re7 41. Kb2 Nf7 42. a4 Kf6 43. Kc3 Kg5 44. Kc4 Ne5+ 45. Kb5 Nxd3 46.
cxd3 Kf6 47. a5 bxa5 48. Kxc5 Rb7 49. Kc4 Rb4+ 50. Kc3 Ke5 51. Be4 Rd4 52. Bf5
a4 53. bxa4 Rxa4 54. Bd7 Rd4 55. Bc8 a5 56. Bf5 a4 57. Kb2 Kd6 58. Ka3 Kc5 59.
Be4 Kd6 60. Bf5 Ke5 61. Be4 Kf4 62. Bf5 Ke3 63. Be4 Kd2 64. Bf5 Ke3 65. Be4 Kf4
66. Bf5 Ke5 67. Be4 Kd6 68. Bf5 Kc5 69. Be4 Kb6 70. Bf5 Ka5 71. Be4 Rb4 72. Bf5
Rf4 73. Be6 1/2-1/2

[Event "Benidorm - Aficionados sub-2000 2014"]
[Site "Benidorm ESP"]
[Date "2014.12.02"]
[Round "5.6"]
[White "Voet, Dirk"]
[Black "Penarrubia Blasco, Jose Alfred"]
[Result "1/2-1/2"]
[WhiteElo "1870"]
[BlackElo "1956"]
[PlyCount "106"]
[EventDate "2014.11.28"]
[EventType "swiss"]
[EventRounds "10"]
[EventCountry "ESP"]
[SourceTitle "Ajedrez en Madrid"]
[Source "lmi"]
[SourceDate "2014.11.28"]

1. e4 e5 2. d4 exd4 3. Qxd4 Nc6 4. Qe3 d6 5. Bd2 Nf6 6. Nc3 Be6 7. O-O-O Ne7 8.
h3 c6 9. f4 d5 10. Be1 Qb6 11. Qxb6 axb6 12. e5 Ne4 13. Nge2 b5 14. g4 Nxc3 15.
Nxc3 g6 16. a3 h5 17. Rg1 hxg4 18. hxg4 Nc8 19. Ne2 Nb6 20. Nd4 Bc5 21. c3 Nc4
22. Rd3 Rh2 23. Rh3 Rxh3 24. Bxh3 O-O-O 25. Rg3 Rh8 26. f5 Bxd4 27. cxd4 Bd7
28. Bb4 b6 29. Be7 Rg8 30. Rf3 c5 31. fxg6 fxg6 32. b3 Re8 33. Bg5 Nxa3 34.
dxc5 bxc5 35. Bf6 b4 36. Rg3 Nb5 37. Bf1 Nd4 38. Kb2 Kc7 39. Bd3 Rg8 40. Rg1
Bb5 41. Bb1 c4 42. bxc4 dxc4 43. Be4 c3+ 44. Kb1 b3 45. e6 Nxe6 46. Bxc3 Nc5
47. Be5+ Kb6 48. Bd5 Rd8 49. Bf7 Bd3+ 50. Kb2 Rd7 51. Bxb3 Nxb3 52. Kxb3 Rd5
53. Bf6 Be2 1/2-1/2

[Event "Benidorm - Aficionados sub-2000 2014"]
[Site "Benidorm ESP"]
[Date "2014.12.02"]
[Round "5.7"]
[White "Jimenez Mompo, Candido"]
[Black "Gonzalez Pabollet, Jesus Maria"]
[Result "1-0"]
[WhiteElo "1954"]
[BlackElo "1883"]
[PlyCount "100"]
[EventDate "2014.11.28"]
[EventType "swiss"]
[EventRounds "10"]
[EventCountry "ESP"]
[SourceTitle "Ajedrez en Madrid"]
[Source "lmi"]
[SourceDate "2014.11.28"]

1. d4 c5 2. d5 e5 3. c4 d6 4. Nc3 a6 5. e4 g6 6. Nf3 Bg7 7. Be2 Nh6 8. Ng5 Nd7
9. Bd2 Nf6 10. h3 Qe7 11. Rb1 Nhg8 12. h4 h6 13. Nh3 Nd7 14. h5 g5 15. g4 Ngf6
16. f3 O-O 17. Bd3 Ne8 18. Ng1 Rb8 19. Nge2 Nc7 20. a4 a5 21. Ng3 Nf6 22. Qc1
Nfe8 23. Nd1 Bf6 24. Ne3 Ng7 25. Bxa5 b6 26. Bc3 Ra8 27. Ra1 Qe8 28. b3 Kh7 29.
Rh2 Bd8 30. Rha2 f6 31. Qd2 Rf7 32. a5 b5 33. b4 bxc4 34. Bxc4 Nb5 35. bxc5
dxc5 36. Bxb5 Qxb5 37. Rb2 Qa6 38. Kf2 Bd7 39. Ne2 Bb5 40. Nc1 c4 41. Ne2 Rfa7
42. Bb4 Rb7 43. Nc3 Be8 44. Qe2 Rc7 45. d6 Rcc8 46. Qd2 Bd7 47. Ned5 Qa7+ 48.
Kg2 Qd4 49. a6 Rc6 50. a7 Be8 1-0

[Event "Benidorm - Aficionados sub-2000 2014"]
[Site "Benidorm ESP"]
[Date "2014.12.02"]
[Round "5.8"]
[White "Cartagena Sanchez, Javier"]
[Black "Sevillano Garcia, Joaquin"]
[Result "1-0"]
[WhiteElo "1952"]
[BlackElo "1862"]
[PlyCount "101"]
[EventDate "2014.11.28"]
[EventType "swiss"]
[EventRounds "10"]
[EventCountry "ESP"]
[SourceTitle "Ajedrez en Madrid"]
[Source "lmi"]
[SourceDate "2014.11.28"]

1. e4 e6 2. d4 d5 3. e5 c5 4. Nf3 Nc6 5. c3 Qb6 6. a3 f6 7. Bd3 Bd7 8. O-O g6
9. exf6 Nxf6 10. dxc5 Bxc5 11. b4 Be7 12. Re1 O-O-O 13. Ng5 Ne4 14. Bxe4 dxe4
15. Nf7 Rhf8 16. Be3 Qa6 17. Nxd8 Rxd8 18. Nd2 Qd3 19. Qe2 Ne5 20. Bxa7 Bc6 21.
Nxe4 Qd5 22. Rad1 Nd3 23. Qe3 Qb5 24. Rf1 Rd7 25. Bd4 Nb2 26. Rde1 Bd5 27. c4
Nxc4 28. Rc1 Rc7 29. Qe2 Nxa3 30. Rxc7+ Kxc7 31. Rc1+ Kd8 32. Qe3 Nc4 33. Qf4
Qxb4 34. Bf6 Bxf6 35. Qxf6+ Qe7 36. Qh8+ Qe8 37. Qxe8+ Kxe8 38. Rxc4 Bxc4 39.
Nd6+ Kd7 40. Nxc4 b5 41. Nd2 Kd6 42. Kf1 Kd5 43. Ke2 Kd4 44. g4 b4 45. Nb3+ Kc4
46. Nd2+ Kd4 47. h4 h5 48. g5 Kc3 49. Ke3 e5 50. f3 Kc2 51. Nc4 1-0

[Event "Benidorm - Aficionados sub-2000 2014"]
[Site "Benidorm ESP"]
[Date "2014.12.02"]
[Round "5.9"]
[White "Moya Mallafre, Erik"]
[Black "Calatayud Ortega, Alberto"]
[Result "1-0"]
[WhiteElo "1947"]
[BlackElo "1788"]
[PlyCount "114"]
[EventDate "2014.11.28"]
[EventType "swiss"]
[EventRounds "10"]
[EventCountry "ESP"]
[SourceTitle "Ajedrez en Madrid"]
[Source "lmi"]
[SourceDate "2014.11.28"]

1. e4 Nc6 2. Nf3 g6 3. d4 Bg7 4. c3 d6 5. d5 Ne5 6. Nd4 c5 7. dxc6 Nxc6 8. Be3
Nf6 9. f3 O-O 10. Bc4 d5 11. Nxc6 bxc6 12. exd5 cxd5 13. Bb5 Rb8 14. Qe2 a6 15.
Bd3 e5 16. O-O Re8 17. Qf2 Qc7 18. Qd2 Qc6 19. Na3 Bb7 20. Nc2 Rbd8 21. Rad1
Qe6 22. Rfe1 Qd6 23. Bf1 Nh5 24. g3 d4 25. Bg2 d3 26. Nb4 Qb8 27. Nxd3 f5 28.
Qc2 Nf6 29. Qb3+ Kh8 30. Nc5 Bd5 31. c4 Bc6 32. Qxb8 Rxb8 33. Rd6 Rec8 34. b3
Ne8 35. Rd2 a5 36. Red1 Bf8 37. Nd7 Bb4 38. Nxb8 Bxd2 39. Bxd2 Rxb8 40. Bxa5
Kg7 41. Rd8 Rb7 42. Bc3 Kf7 43. Bxe5 Ra7 44. Rd2 Re7 45. f4 Bxg2 46. Kxg2 h6
47. c5 g5 48. c6 Ke6 49. b4 gxf4 50. Bxf4 Nf6 51. Rd6+ Kf7 52. b5 Re2+ 53. Kf3
Rxa2 54. Rxf6+ Kxf6 55. c7 Rc2 56. b6 Ke6 57. b7 Kd5 1-0

[Event "Benidorm - Aficionados sub-2000 2014"]
[Site "Benidorm ESP"]
[Date "2014.12.02"]
[Round "5.14"]
[White "Izagirre Alsua, Aritz"]
[Black "Vila Cairo, Gerard"]
[Result "1-0"]
[WhiteElo "1889"]
[BlackElo "1995"]
[PlyCount "59"]
[EventDate "2014.11.28"]
[EventType "swiss"]
[EventRounds "10"]
[EventCountry "ESP"]
[SourceTitle "Ajedrez en Madrid"]
[Source "lmi"]
[SourceDate "2014.11.28"]

1. e4 d5 2. exd5 Nf6 3. d4 Nxd5 4. c4 Nf6 5. Nc3 g6 6. Nf3 Bg7 7. h3 O-O 8. Be3
c6 9. Bd3 Re8 10. O-O Nbd7 11. Bc2 Qa5 12. a3 Qh5 13. b4 e5 14. Ne2 exd4 15.
Ng3 dxe3 16. Nxh5 e2 17. Nxf6+ Bxf6 18. Qd2 exf1=Q+ 19. Rxf1 Nb6 20. Qf4 Kg7
21. h4 h6 22. g4 Be6 23. g5 hxg5 24. hxg5 Bc3 25. Ne5 Bf5 26. Re1 Bxe1 27. Bxf5
Bc3 28. Bxg6 Rf8 29. Qf6+ Kg8 30. Bxf7+ 1-0

[Event "Benidorm - Aficionados sub-2000 2014"]
[Site "Benidorm ESP"]
[Date "2014.12.02"]
[Round "5.15"]
[White "Cebrian Flores, Juan Antonio"]
[Black "Selva Salvador, Antonio"]
[Result "1-0"]
[WhiteElo "1995"]
[BlackElo "1896"]
[PlyCount "33"]
[EventDate "2014.11.28"]
[EventType "swiss"]
[EventRounds "10"]
[EventCountry "ESP"]
[SourceTitle "Ajedrez en Madrid"]
[Source "lmi"]
[SourceDate "2014.11.28"]

1. e4 e6 2. d4 d5 3. Nc3 Nf6 4. Bg5 Be7 5. e5 Nfd7 6. Bxe7 Qxe7 7. Qg4 O-O 8.
Bd3 c5 9. Nf3 f6 10. exf6 Nxf6 11. Qh4 Nc6 12. dxc5 e5 13. Nxd5 Nxd5 14. Qxh7+
Kf7 15. Qg6+ Kg8 16. Ng5 Qxg5 17. Qxg5 1-0

[Event "Benidorm - Aficionados sub-2000 2014"]
[Site "Benidorm ESP"]
[Date "2014.12.02"]
[Round "5.16"]
[White "Muro Turon, Raul"]
[Black "Gambini, Stephane"]
[Result "0-1"]
[WhiteElo "1877"]
[BlackElo "1993"]
[PlyCount "48"]
[EventDate "2014.11.28"]
[EventType "swiss"]
[EventRounds "10"]
[EventCountry "ESP"]
[SourceTitle "Ajedrez en Madrid"]
[Source "lmi"]
[SourceDate "2014.11.28"]

1. e4 c5 2. c3 e6 3. d4 cxd4 4. cxd4 Nf6 5. Nc3 Bb4 6. Bd3 Nc6 7. Nge2 d5 8. e5
Nd7 9. O-O f6 10. f4 O-O 11. f5 fxe5 12. fxe6 Rxf1+ 13. Qxf1 Nf6 14. dxe5 Nxe5
15. Bf5 Qb6+ 16. Kh1 Bxe6 17. Bxe6+ Qxe6 18. Nf4 Qc6 19. Be3 Bxc3 20. Rc1 Ne4
21. Bd4 Bxd4 22. Rxc6 bxc6 23. g3 Nc4 24. b3 Nf2+ 0-1

[Event "Benidorm - Aficionados sub-2000 2014"]
[Site "Benidorm ESP"]
[Date "2014.12.02"]
[Round "5.25"]
[White "Blasco Marques, Salvador"]
[Black "Cano Romero, Jose Miguel"]
[Result "1/2-1/2"]
[WhiteElo "1942"]
[BlackElo "1859"]
[PlyCount "56"]
[EventDate "2014.11.28"]
[EventType "swiss"]
[EventRounds "10"]
[EventCountry "ESP"]
[SourceTitle "Ajedrez en Madrid"]
[Source "lmi"]
[SourceDate "2014.11.28"]

1. e4 c5 2. Nf3 e6 3. c3 d5 4. exd5 Qxd5 5. Bb5+ Nc6 6. O-O Bd7 7. c4 Qh5 8. d4
cxd4 9. Nxd4 Qxd1 10. Rxd1 O-O-O 11. Nxc6 Bxc6 12. Rxd8+ Kxd8 13. Bxc6 bxc6 14.
Be3 a6 15. Nc3 Nf6 16. Rd1+ Kc7 17. Na4 Be7 18. Bb6+ Kc8 19. f4 Nd7 20. Kf2 h5
21. Kf3 h4 22. Bd4 Rg8 23. a3 g5 24. fxg5 Rxg5 25. Nb6+ Nxb6 26. Bxb6 Rf5+ 27.
Ke4 c5 28. Rd2 Bg5 1/2-1/2

[Event "Benidorm - Aficionados sub-2000 2014"]
[Site "Benidorm ESP"]
[Date "2014.12.02"]
[Round "5.28"]
[White "Oliva Llorens, Antoni"]
[Black "Campos Gutierrez, Luis Maria"]
[Result "1/2-1/2"]
[WhiteElo "1924"]
[BlackElo "1844"]
[PlyCount "90"]
[EventDate "2014.11.28"]
[EventType "swiss"]
[EventRounds "10"]
[EventCountry "ESP"]
[SourceTitle "Ajedrez en Madrid"]
[Source "lmi"]
[SourceDate "2014.11.28"]

1. e4 d5 2. exd5 Qxd5 3. Nc3 Qd6 4. Nf3 Nf6 5. g3 Bg4 6. Bg2 c6 7. d4 e6 8. Bf4
Qb4 9. Qd2 Nd5 10. Nxd5 Qxd2+ 11. Nxd2 exd5 12. O-O f6 13. h4 Kf7 14. Rfe1 Nd7
15. Re3 h6 16. h5 Bxh5 17. Bh3 g5 18. Be6+ Kg7 19. Bc7 Nb6 20. a4 Bf7 21. a5
Nc4 22. Nxc4 dxc4 23. a6 b6 24. Rae1 Bxe6 25. Rxe6 Rc8 26. Rxc6 Bd6 27. Rxd6
Rxc7 28. Ree6 Rf8 29. d5 Rff7 30. Rc6 b5 31. Rxc7 Rxc7 32. Rc6 Rd7 33. Rc5 Rd6
34. Rxb5 Rxa6 35. Rb4 Rb6 36. Rxc4 Rxb2 37. Rc7+ Kf8 38. c4 a5 39. d6 Ke8 40.
c5 Rd2 41. Ra7 a4 42. Rxa4 Rc2 43. Ra8+ Kd7 44. Ra7+ Kc8 45. Rf7 f5 1/2-1/2

[Event "Benidorm - Aficionados sub-2000 2014"]
[Site "Benidorm ESP"]
[Date "2014.12.02"]
[Round "5.29"]
[White "Morenilla Rocher, Fernando"]
[Black "Enzi, Gerald"]
[Result "1-0"]
[WhiteElo "1812"]
[BlackElo "1924"]
[PlyCount "53"]
[EventDate "2014.11.28"]
[EventType "swiss"]
[EventRounds "10"]
[EventCountry "ESP"]
[SourceTitle "Ajedrez en Madrid"]
[Source "lmi"]
[SourceDate "2014.11.28"]

1. d4 Nf6 2. Nf3 d5 3. e3 c5 4. c3 e6 5. Bd3 Nc6 6. Nbd2 Qc7 7. O-O Bd7 8. dxc5
Bxc5 9. e4 dxe4 10. Nxe4 Nxe4 11. Bxe4 O-O-O 12. b4 Be7 13. Qb3 e5 14. Bxc6
Bxc6 15. Qxf7 Rdf8 16. Qe6+ Kb8 17. Nxe5 Bd6 18. Nxc6+ Qxc6 19. Qh3 Rf6 20. Be3
Rg6 21. a4 Rf8 22. b5 Qe4 23. Rae1 Rf3 24. g3 Qc4 25. Qd7 Rf8 26. Bd4 h5 27.
Re8+ 1-0

[Event "Benidorm - Aficionados sub-2000 2014"]
[Site "Benidorm ESP"]
[Date "2014.12.02"]
[Round "5.30"]
[White "Goodfellow, Russell Robert"]
[Black "Hernandez Delgado, Gabriel"]
[Result "1-0"]
[WhiteElo "1805"]
[BlackElo "1923"]
[PlyCount "69"]
[EventDate "2014.11.28"]
[EventType "swiss"]
[EventRounds "10"]
[EventCountry "ESP"]
[SourceTitle "Ajedrez en Madrid"]
[Source "lmi"]
[SourceDate "2014.11.28"]

1. e4 d5 2. exd5 Nf6 3. Bb5+ Bd7 4. Bc4 Bg4 5. f3 Bf5 6. Nc3 Nbd7 7. Qe2 Nb6 8.
Bb3 Qd7 9. Qe5 O-O-O 10. Nb5 Nfxd5 11. Nxa7+ Kb8 12. Nb5 f6 13. Qe2 e5 14. a4
Bc5 15. d3 Nb4 16. Be3 Bd4 17. O-O-O Rhe8 18. Qd2 c5 19. Ne2 Be6 20. Nexd4 exd4
21. Bf4+ Ka8 22. Nc7+ Ka7 23. Nxe6 Rxe6 24. Bc7 Qxc7 25. Bxe6 Nxa4 26. Bb3 Qa5
27. Rde1 Nc3 28. Qf4 Qa1+ 29. Kd2 Qxb2 30. Qc7 Nb1+ 31. Rxb1 Qc3+ 32. Kd1 Re8
33. Qa5+ Kb8 34. Qb5 Nc6 35. Bd5 1-0

[Event "Benidorm - Aficionados sub-2000 2014"]
[Site "Benidorm ESP"]
[Date "2014.12.02"]
[Round "5.33"]
[White "Egana Arruti, Joseba"]
[Black "Killane, Jack"]
[Result "1/2-1/2"]
[WhiteElo "1766"]
[BlackElo "1916"]
[PlyCount "56"]
[EventDate "2014.11.28"]
[EventType "swiss"]
[EventRounds "10"]
[EventCountry "ESP"]
[SourceTitle "Ajedrez en Madrid"]
[Source "lmi"]
[SourceDate "2014.11.28"]

1. e4 e5 2. Nf3 Nc6 3. Nc3 Nf6 4. d4 exd4 5. Nxd4 Bb4 6. Nxc6 bxc6 7. Bd3 d6 8.
O-O Bxc3 9. bxc3 h6 10. Re1 O-O 11. Ba3 Re8 12. e5 Nd5 13. exd6 Be6 14. dxc7
Qxc7 15. c4 Nb6 16. Bd6 Qd7 17. c5 Nc4 18. Bxc4 Bxc4 19. Qd4 Bxa2 20. Rxe8+
Rxe8 21. h3 Bd5 22. Qa4 Qf5 23. c4 Re4 24. Qxa7 Rxc4 25. Qb8+ Kh7 26. Qb1 Be4
27. Qe1 Qd5 28. Rd1 Rd4 1/2-1/2

[Event "Benidorm - Aficionados sub-2000 2014"]
[Site "Benidorm ESP"]
[Date "2014.12.02"]
[Round "5.35"]
[White "Martinez Perez, Pablo"]
[Black "Lopez Heras, Arturo"]
[Result "1-0"]
[WhiteElo "1710"]
[BlackElo "1906"]
[PlyCount "49"]
[EventDate "2014.11.28"]
[EventType "swiss"]
[EventRounds "10"]
[EventCountry "ESP"]
[SourceTitle "Ajedrez en Madrid"]
[Source "lmi"]
[SourceDate "2014.11.28"]

1. e4 d6 2. Nf3 Nf6 3. Nc3 Nbd7 4. d4 e5 5. g4 Nxg4 6. Rg1 exd4 7. Nxd4 Nde5 8.
h3 Nf6 9. Be3 c6 10. f4 Ng6 11. Qf3 Qa5 12. O-O-O h6 13. e5 Nd5 14. Nb3 Qc7 15.
Nxd5 cxd5 16. exd6 Bxd6 17. Qxd5 Bxf4 18. Bb5+ Kf8 19. Bxf4 Qxf4+ 20. Kb1 Kg8
21. Rxg6 Be6 22. Rxe6 fxe6 23. Qxe6+ Qf7 24. Qe4 Rc8 25. Rf1 1-0

[Event "Benidorm - Aficionados sub-2000 2014"]
[Site "Benidorm ESP"]
[Date "2014.12.02"]
[Round "5.55"]
[White "Moreno Bello, Miguel"]
[Black "Torras Campdelacreu, Xavier"]
[Result "0-1"]
[WhiteElo "1649"]
[BlackElo "1802"]
[PlyCount "66"]
[EventDate "2014.11.28"]
[EventType "swiss"]
[EventRounds "10"]
[EventCountry "ESP"]
[SourceTitle "Ajedrez en Madrid"]
[Source "lmi"]
[SourceDate "2014.11.28"]

1. a3 d5 2. d4 Bf5 3. Bf4 e6 4. Nc3 Bd6 5. e3 Nf6 6. f3 Bxf4 7. exf4 h5 8. h4
Nc6 9. Bd3 Nxd4 10. Bxf5 Nxf5 11. g4 hxg4 12. fxg4 Ne3 13. Qe2 Nfxg4 14. Nf3 c6
15. Rg1 Qf6 16. Nd1 Qxf4 17. Nxe3 Nxe3 18. Kf2 Rxh4 19. Rh1 Rxh1 20. Rxh1 Ng4+
21. Kg1 O-O-O 22. Kg2 e5 23. Rh4 e4 24. Nd4 Ne3+ 25. Kh3 Qf1+ 26. Qxf1 Nxf1 27.
Rf4 Rh8+ 28. Kg2 Nd2 29. Rxf7 Re8 30. Nf5 Re6 31. Nd4 Rg6+ 32. Kh3 Nf3 33. Re7
Nxd4 0-1

[Event "Benidorm - Aficionados sub-2000 2014"]
[Site "Benidorm ESP"]
[Date "2014.12.02"]
[Round "5.60"]
[White "Vivanco Revuelta, Jesus Maria"]
[Black "Rodriguez Gomez, Vicente"]
[Result "1/2-1/2"]
[WhiteElo "1734"]
[BlackElo "1949"]
[PlyCount "47"]
[EventDate "2014.11.28"]
[EventType "swiss"]
[EventRounds "10"]
[EventCountry "ESP"]
[SourceTitle "Ajedrez en Madrid"]
[Source "lmi"]
[SourceDate "2014.11.28"]

1. d4 d5 2. Nf3 Nf6 3. Bf4 e6 4. e3 Bd6 5. Bg3 O-O 6. Bd3 b6 7. Nbd2 Bb7 8. Ne5
Ne4 9. f3 Nxd2 10. Qxd2 c5 11. c3 Qc7 12. f4 Nd7 13. Nxd7 Qxd7 14. O-O c4 15.
Bc2 f5 16. a4 a5 17. b3 Rac8 18. bxc4 Rxc4 19. Bb3 Rcc8 20. Rfc1 Ba6 21. Qa2
Bc4 22. Be1 b5 23. axb5 Qxb5 24. Rcb1 1/2-1/2

[Event "Benidorm - Aficionados sub-2000 2014"]
[Site "Benidorm ESP"]
[Date "2014.12.02"]
[Round "5.62"]
[White "Chesa Chavarria, Aurelio"]
[Black "Manas Garcia-Mascaraque, Ramon"]
[Result "1-0"]
[WhiteElo "1729"]
[BlackElo "1930"]
[PlyCount "33"]
[EventDate "2014.11.28"]
[EventType "swiss"]
[EventRounds "10"]
[EventCountry "ESP"]
[SourceTitle "Ajedrez en Madrid"]
[Source "lmi"]
[SourceDate "2014.11.28"]

1. d4 Nf6 2. c4 e6 3. Nc3 b6 4. g3 Bb7 5. Nf3 Be7 6. Bg2 O-O 7. d5 exd5 8. cxd5
Bb4 9. Nh4 Qe7 10. d6 cxd6 11. Bxb7 Ne4 12. Bd2 Nc6 13. Bxa8 Rxa8 14. O-O Nd4
15. Nd5 Qe5 16. Nxb4 Re8 17. Nf3 1-0

[Event "Benidorm - Aficionados sub-2000 2014"]
[Site "Benidorm ESP"]
[Date "2014.12.02"]
[Round "5.68"]
[White "Denekens, Chris"]
[Black "Cebada Benitez, Fernando"]
[Result "0-1"]
[WhiteElo "1692"]
[BlackElo "1887"]
[PlyCount "50"]
[EventDate "2014.11.28"]
[EventType "swiss"]
[EventRounds "10"]
[EventCountry "ESP"]
[SourceTitle "Ajedrez en Madrid"]
[Source "lmi"]
[SourceDate "2014.11.28"]

1. e4 c5 2. Nc3 e6 3. g3 Nc6 4. Bg2 g6 5. d3 Bg7 6. Be3 Nd4 7. Nge2 Ne7 8. Qd2
O-O 9. Nd1 d5 10. c3 Nxe2 11. Kxe2 Qc7 12. f3 b5 13. Bf4 Qb6 14. Bh6 Qd8 15. h4
dxe4 16. fxe4 Qd6 17. Bf4 e5 18. Be3 c4 19. Nf2 Be6 20. Rad1 Qc6 21. Qc2 cxd3+
22. Nxd3 Bg4+ 23. Bf3 Qxe4 24. Ne1 Bxf3+ 25. Nxf3 Qxc2+ 0-1

[Event "Benidorm - Aficionados sub-2000 2014"]
[Site "Benidorm ESP"]
[Date "2014.12.03"]
[Round "6.1"]
[White "Marti Blanes, Jose Manuel"]
[Black "Karpach, Shaban"]
[Result "0-1"]
[WhiteElo "1960"]
[BlackElo "1748"]
[PlyCount "92"]
[EventDate "2014.11.28"]
[EventType "swiss"]
[EventRounds "10"]
[EventCountry "ESP"]
[SourceTitle "Ajedrez en Madrid"]
[Source "lmi"]
[SourceDate "2014.11.28"]

1. d4 Nf6 2. Bg5 c5 3. Nc3 cxd4 4. Qxd4 Nc6 5. Qh4 e6 6. e4 Be7 7. f4 Qb6 8.
O-O-O d6 9. Nf3 h6 10. e5 dxe5 11. fxe5 Nd5 12. Bxe7 Nxc3 13. bxc3 Nxe7 14. Rd6
Qe3+ 15. Kb1 Bd7 16. Bd3 Rc8 17. Rd1 Nd5 18. Rxd5 exd5 19. Nd4 Qg5 20. Qf2 O-O
21. Nf3 Qe7 22. Qd4 Qa3 23. c4 dxc4 24. Bxc4 Bf5 25. Bb3 Qc5 26. Kb2 Qxd4+ 27.
Nxd4 Bg4 28. Rf1 Rce8 29. Rf4 Bd7 30. Re4 Re7 31. Ka3 Rfe8 32. e6 fxe6 33. Nf5
Kf8 34. Nxe7 Kxe7 35. Kb4 Rf8 36. a4 Rf2 37. Rg4 Kf6 38. h4 e5 39. Rg3 Bc6 40.
Kc5 Rxg2 41. Rd3 e4 42. Rd6+ Kf5 43. Re6 Rxc2+ 44. Kd6 Rd2+ 45. Kc7 Rd7+ 46.
Kc8 Rd3 0-1

[Event "Benidorm - Aficionados sub-2000 2014"]
[Site "Benidorm ESP"]
[Date "2014.12.03"]
[Round "6.3"]
[White "Jimenez Mompo, Candido"]
[Black "Moya Mallafre, Erik"]
[Result "1-0"]
[WhiteElo "1954"]
[BlackElo "1947"]
[PlyCount "69"]
[EventDate "2014.11.28"]
[EventType "swiss"]
[EventRounds "10"]
[EventCountry "ESP"]
[SourceTitle "Ajedrez en Madrid"]
[Source "lmi"]
[SourceDate "2014.11.28"]

1. d4 d5 2. c4 e6 3. Nf3 c6 4. e3 Nf6 5. Nc3 Nbd7 6. Bd3 dxc4 7. Bxc4 b5 8. Be2
Bb7 9. O-O a6 10. Nd2 c5 11. Bf3 Bxf3 12. Nxf3 Qc7 13. Bd2 Bd6 14. h3 O-O 15.
Rc1 c4 16. Qc2 Qb7 17. Ng5 Rac8 18. Nce4 Be7 19. f3 h6 20. Nxf6+ Nxf6 21. Ne4
Nd5 22. a3 Qb8 23. Nc3 Nf6 24. Ne4 Nh5 25. f4 g6 26. Bb4 Qc7 27. g4 Ng7 28. Qc3
Rfe8 29. Nd2 Qd8 30. Nf3 Qd5 31. Nd2 Bf6 32. Qc2 Bd8 33. Ne4 Rc6 34. Rcd1 Bb6
35. Nf6+ 1-0